[Event "DEM U10w 2021"]
[Site "Willingen GER"]
[Date "2021.08.23"]
[Round "1"]
[White "Dominick, Johanna"]
[Black "Mehner, Clara"]
[Result "0-1"]
[Termination "normal"]
[Board "8"]
[WhiteElo "936"]
[BlackElo "1159"]
[WhiteClock "00:57:56"]
[BlackClock "00:26:10"]
[PlyCount "120"]
[WhiteFideId "16296532"]
[BlackFideId "34612165"]
[EventCountry "GER"]
[EventRounds "11"]
[EventType "swiss"]
[EventDate "2021.08.22"]

1. e4 {[%clk 01:15:55]} {[%emt 00:00:03]} e5 {[%clk 01:15:55]} {[%emt
00:00:07]} 2. Nf3 {[%clk 01:16:16]} {[%emt 00:00:04]} Nc6 {[%clk 01:16:21]}
{[%emt 00:00:08]} 3. Bc4 {[%clk 01:16:35]} {[%emt 00:00:12]} Bc5 {[%clk
01:16:42]} {[%emt 00:00:09]} 4. d3 {[%clk 01:16:59]} {[%emt 00:00:06]} d6
{[%clk 01:17:00]} {[%emt 00:00:11]} 5. Bg5 {[%clk 01:17:05]} {[%emt 00:00:17]}
f6 {[%clk 01:17:14]} {[%emt 00:00:23]} 6. Bh4 {[%clk 01:17:26]} {[%emt
00:00:06]} Qe7 {[%clk 01:13:51]} {[%emt 00:03:56]} 7. Nc3 {[%clk 01:15:51]}
{[%emt 00:00:34]} Be6 {[%clk 01:14:05]} {[%emt 00:01:46]} 8. Bxe6 {[%clk
01:15:57]} {[%emt 00:00:21]} Qxe6 {[%clk 01:14:22]} {[%emt 00:00:17]} 9. Na4
{[%clk 01:14:36]} {[%emt 00:01:43]} Bb6 {[%clk 01:12:42]} {[%emt 00:02:20]} 10.
Nxb6 {[%clk 01:14:36]} {[%emt 00:00:18]} axb6 {[%clk 01:13:03]} {[%emt
00:00:20]} 11. b3 {[%emt 00:00:23]} Nge7 {[%emt 00:01:30]} 12. d4 {[%clk
01:09:51]} {[%emt 00:03:18]} Qg4 {[%emt 00:14:17]} 13. Bg3 {[%clk 01:09:33]}
Qxe4+ {[%clk 00:59:55]} {[%emt 00:00:42]} 14. Qe2 {[%clk 01:08:50]} {[%emt
00:00:10]} Qxe2+ {[%clk 00:55:06]} {[%emt 00:06:23]} 15. Kxe2 {[%clk 01:09:01]}
{[%emt 00:00:13]} exd4 {[%clk 00:55:22]} {[%emt 00:00:20]} 16. Rhe1 {[%clk
01:08:35]} {[%emt 00:00:50]} O-O {[%clk 00:54:41]} {[%emt 00:01:17]} 17. Kf1
{[%clk 01:08:25]} {[%emt 00:00:18]} Rfe8 {[%clk 00:54:24]} {[%emt 00:01:07]}
18. b4 {[%clk 01:06:45]} {[%emt 00:02:00]} Nf5 {[%clk 00:47:40]} {[%emt
00:07:24]} 19. Rxe8+ {[%clk 01:06:25]} {[%emt 00:00:41]} Rxe8 {[%clk 00:48:02]}
{[%emt 00:00:19]} 20. Bf4 {[%clk 01:06:40]} {[%emt 00:00:09]} Nxb4 {[%clk
00:48:11]} {[%emt 00:00:27]} 21. Rc1 {[%clk 01:03:59]} {[%emt 00:02:29]} Nxa2
{[%clk 00:48:31]} {[%emt 00:00:52]} 22. Re1 {[%clk 01:03:58]} {[%emt 00:00:26]}
Rxe1+ {[%clk 00:47:32]} {[%emt 00:01:33]} 23. Nxe1 {[%clk 01:04:06]} {[%emt
00:00:18]} Kf7 {[%clk 00:47:14]} {[%emt 00:00:52]} 24. Ke2 {[%clk 01:03:30]}
{[%emt 00:00:44]} Ke6 {[%clk 00:46:56]} {[%emt 00:01:08]} 25. Kd3 {[%clk
01:03:21]} {[%emt 00:00:35]} Kd5 {[%clk 00:46:16]} {[%emt 00:01:16]} 26. Nf3
{[%clk 01:02:39]} {[%emt 00:01:05]} Nb4+ {[%clk 00:45:13]} {[%emt 00:01:39]}
27. Kd2 {[%clk 01:02:33]} {[%emt 00:00:27]} Ke4 {[%clk 00:43:54]} {[%emt
00:01:58]} 28. Bg3 {[%clk 01:02:17]} {[%emt 00:00:41]} c5 {[%clk 00:34:57]}
{[%emt 00:09:33]} 29. c3 {[%clk 01:01:07]} {[%emt 00:01:41]} dxc3+ {[%clk
00:34:33]} {[%emt 00:00:54]} 30. Kxc3 {[%clk 01:01:30]} {[%emt 00:00:07]} Kd5
{[%clk 00:33:41]} {[%emt 00:01:21]} 31. Ng1 {[%clk 01:00:39]} {[%emt 00:01:16]}
g5 {[%clk 00:32:44]} {[%emt 00:01:32]} 32. f4 {[%clk 01:00:17]} {[%emt
00:00:52]} Nxg3 {[%clk 00:30:55]} {[%emt 00:02:19]} 33. hxg3 {[%emt 00:00:13]}
h6 {[%emt 00:00:15]} 34. fxg5 {[%clk 01:00:04]} {[%emt 00:00:10]} hxg5 {[%clk
00:31:18]} {[%emt 00:00:12]} 35. Ne2 {[%clk 00:59:53]} {[%emt 00:00:22]} b5
{[%clk 00:31:13]} {[%emt 00:00:55]} 36. Kb3 {[%clk 01:00:13]} {[%emt 00:00:09]}
Nd3 {[%clk 00:31:05]} {[%emt 00:00:38]} 37. Nc3+ {[%clk 01:00:32]} {[%emt
00:00:08]} Kc6 {[%clk 00:31:10]} {[%emt 00:00:27]} 38. Ne4 {[%clk 01:00:37]}
{[%emt 00:00:24]} c4+ {[%clk 00:30:21]} {[%emt 00:01:22]} 39. Kc3 {[%clk
01:00:48]} {[%emt 00:00:11]} d5 {[%clk 00:29:26]} {[%emt 00:01:30]} 40. Nxf6
{[%clk 01:01:04]} {[%emt 00:00:09]} d4+ {[%clk 00:29:40]} {[%emt 00:00:24]} 41.
Kc2 {[%clk 01:01:05]} {[%emt 00:00:18]} Ne1+ {[%clk 00:29:32]} {[%emt
00:00:49]} 42. Kd1 {[%clk 01:01:14]} {[%emt 00:00:16]} Nxg2 {[%clk 00:29:49]}
{[%emt 00:00:18]} 43. Ke2 {[%clk 01:00:59]} {[%emt 00:00:39]} c3 {[%clk
00:29:15]} {[%emt 00:01:08]} 44. Kd3 {[%clk 01:01:12]} {[%emt 00:00:14]} b4
{[%clk 00:28:52]} {[%emt 00:00:57]} 45. Ne4 {[%clk 01:00:12]} {[%emt 00:01:25]}
g4 {[%clk 00:27:52]} {[%emt 00:01:35]} 46. Nf2 {[%clk 00:59:51]} {[%emt
00:00:45]} Ne3 {[%clk 00:28:10]} {[%emt 00:00:18]} 47. Ne4 {[%clk 00:59:16]}
{[%emt 00:01:03]} b3 {[%clk 00:24:17]} {[%emt 00:04:26]} 48. Nxc3 {[%clk
00:58:34]} {[%emt 00:00:37]} dxc3 {[%clk 00:24:37]} {[%emt 00:00:45]} 49. Kxc3
{[%clk 00:58:26]} {[%emt 00:00:37]} Nf1 {[%clk 00:24:44]} {[%emt 00:00:24]} 50.
Kxb3 {[%clk 00:58:43]} {[%emt 00:00:08]} b5 {[%clk 00:25:07]} {[%emt 00:00:12]}
51. Kb4 {[%clk 00:59:00]} {[%emt 00:00:08]} Nxg3 {[%clk 00:25:26]} {[%emt
00:00:16]} 52. Kb3 {[%clk 00:58:56]} {[%emt 00:00:11]} Kc5 {[%clk 00:25:44]}
{[%emt 00:00:36]} 53. Kc3 {[%emt 00:00:07]} Ne4+ {[%emt 00:00:13]} 54. Kb3
{[%clk 00:58:58]} {[%emt 00:00:06]} g3 {[%clk 00:26:03]} {[%emt 00:00:12]} 55.
Ka3 {[%emt 00:00:05]} g2 {[%emt 00:00:12]} 56. Kb3 {[%clk 00:58:59]} {[%emt
00:00:06]} g1=Q {[%emt 00:00:18]} 57. Ka3 {[%clk 00:59:08]} {[%emt 00:00:16]}
Qf2 {[%clk 00:26:01]} {[%emt 00:00:54]} 58. Kb3 {[%emt 00:00:09]} Qe2 {[%emt
00:00:43]} 59. Ka3 {[%clk 00:58:10]} {[%emt 00:00:32]} b4+ {[%clk 00:26:12]}
{[%emt 00:00:23]} 60. Ka4 {[%clk 00:57:56]} {[%emt 00:00:40]} Qa2# {[%clk
00:26:10]} {[%emt 00:00:07]} 0-1

[Event "DEM U10w 2021"]
[Site "Willingen GER"]
[Date "2021.08.23"]
[Round "1"]
[White "Heidtkamp, Anna"]
[Black "Tu, Audrey"]
[Result "1-0"]
[Termination "normal"]
[Board "9"]
[WhiteElo "1132"]
[BlackElo "913"]
[WhiteClock "00:24:43"]
[BlackClock "00:36:24"]
[PlyCount "109"]
[WhiteFideId "16269012"]
[BlackFideId "34628568"]
[EventCountry "GER"]
[EventRounds "11"]
[EventType "swiss"]
[EventDate "2021.08.22"]

1. e4 {[%clk 01:15:54]} {[%emt 00:00:04]} e5 {[%clk 01:15:52]} {[%emt
00:00:08]} 2. Nf3 {[%clk 01:16:18]} {[%emt 00:00:07]} Nc6 {[%clk 01:16:10]}
{[%emt 00:00:11]} 3. Bc4 {[%clk 01:16:38]} {[%emt 00:00:10]} Bc5 {[%clk
01:16:33]} {[%emt 00:00:08]} 4. c3 {[%clk 01:16:42]} {[%emt 00:00:25]} Nf6
{[%clk 01:16:55]} {[%emt 00:00:08]} 5. d4 {[%clk 01:16:26]} {[%emt 00:00:47]}
exd4 {[%clk 01:17:07]} {[%emt 00:00:19]} 6. cxd4 {[%clk 01:16:38]} {[%emt
00:00:17]} Bb4+ {[%clk 01:17:30]} {[%emt 00:00:07]} 7. Bd2 {[%clk 01:16:45]}
{[%emt 00:00:23]} Bxd2+ {[%clk 01:17:23]} {[%emt 00:00:37]} 8. Nbxd2 {[%clk
01:17:00]} {[%emt 00:00:16]} d5 {[%clk 01:17:34]} {[%emt 00:00:19]} 9. exd5
{[%clk 01:17:01]} {[%emt 00:00:28]} Nxd5 {[%clk 01:17:45]} {[%emt 00:00:19]}
10. O-O {[%clk 01:13:52]} {[%emt 00:03:39]} O-O {[%clk 01:18:06]} {[%emt
00:00:09]} 11. Re1 {[%clk 01:03:23]} {[%emt 00:11:00]} Bg4 {[%clk 01:17:51]}
{[%emt 00:00:44]} 12. Nb3 {[%clk 00:56:54]} {[%emt 00:06:58]} a5 {[%clk
01:14:55]} {[%emt 00:03:26]} 13. Bb5 {[%clk 00:45:53]} {[%emt 00:11:30]} a4
{[%clk 01:11:54]} {[%emt 00:03:42]} 14. Bxc6 {[%clk 00:45:32]} {[%emt
00:01:18]} bxc6 {[%clk 01:12:02]} {[%emt 00:00:22]} 15. Nc5 {[%clk 00:42:22]}
{[%emt 00:03:39]} a3 {[%emt 00:06:36]} 16. b3 {[%clk 00:37:38]} {[%emt
00:00:29]} Nc3 {[%clk 01:07:32]} {[%emt 00:03:40]} 17. Qd3 {[%clk 00:31:42]}
{[%emt 00:06:04]} Nd5 {[%clk 01:03:46]} {[%emt 00:04:38]} 18. Ne5 {[%clk
00:26:46]} {[%emt 00:05:19]} Be6 {[%clk 00:56:55]} {[%emt 00:07:27]} 19. Nxc6
{[%clk 00:23:54]} {[%emt 00:03:21]} Nf4 {[%clk 00:50:17]} {[%emt 00:07:10]} 20.
Nxd8 {[%clk 00:21:23]} {[%emt 00:03:01]} Nxd3 {[%clk 00:50:22]} {[%emt
00:00:25]} 21. Ndxe6 {[%clk 00:21:38]} {[%emt 00:00:14]} Nxe1 {[%clk 00:45:49]}
{[%emt 00:05:04]} 22. Nxf8 {[%clk 00:21:50]} {[%emt 00:00:18]} Kxf8 {[%clk
00:45:16]} {[%emt 00:01:02]} 23. Rxe1 {[%clk 00:22:16]} {[%emt 00:00:06]} g6
{[%clk 00:44:35]} {[%emt 00:01:10]} 24. d5 {[%clk 00:21:54]} {[%emt 00:00:53]}
Ra5 {[%clk 00:44:14]} {[%emt 00:00:51]} 25. Rc1 {[%clk 00:22:13]} {[%emt
00:00:10]} Ke7 {[%clk 00:43:56]} {[%emt 00:00:48]} 26. b4 {[%clk 00:21:57]}
{[%emt 00:00:46]} Rb5 {[%clk 00:44:07]} {[%emt 00:00:20]} 27. Rc4 {[%clk
00:22:17]} {[%emt 00:00:08]} Kd6 {[%clk 00:43:20]} {[%emt 00:01:18]} 28. Rd4
{[%clk 00:22:37]} {[%emt 00:00:10]} Ke5 {[%clk 00:42:14]} {[%emt 00:01:36]} 29.
Nb3 {[%clk 00:21:42]} {[%emt 00:01:24]} c5 {[%clk 00:36:52]} {[%emt 00:05:52]}
30. f4+ {[%clk 00:20:10]} {[%emt 00:02:02]} Kd6 {[%clk 00:36:29]} {[%emt
00:00:52]} 31. bxc5+ {[%clk 00:20:01]} {[%emt 00:00:41]} Kc7 {[%clk 00:36:03]}
{[%emt 00:00:56]} 32. d6+ {[%clk 00:20:15]} {[%emt 00:00:16]} Kd7 {[%clk
00:36:03]} {[%emt 00:00:30]} 33. c6+ {[%clk 00:18:31]} {[%emt 00:02:14]} Kxc6
{[%clk 00:36:16]} {[%emt 00:00:18]} 34. d7 {[%clk 00:18:50]} {[%emt 00:00:09]}
Rb8 {[%clk 00:32:50]} {[%emt 00:03:57]} 35. d8=Q {[%clk 00:19:02]} {[%emt
00:00:18]} Rxd8 {[%clk 00:32:32]} {[%emt 00:00:11]} 36. Rxd8 {[%clk 00:19:25]}
{[%emt 00:00:54]} Kb5 {[%clk 00:32:50]} {[%emt 00:00:34]} 37. Rc8 {[%clk
00:19:03]} {[%emt 00:00:51]} f5 {[%clk 00:33:05]} {[%emt 00:00:15]} 38. Kf2
{[%clk 00:19:27]} {[%emt 00:00:06]} Kb6 {[%clk 00:33:13]} {[%emt 00:00:23]} 39.
Kg3 {[%clk 00:19:47]} {[%emt 00:00:09]} Kb7 {[%clk 00:33:35]} {[%emt 00:00:08]}
40. Rc1 {[%clk 00:20:09]} {[%emt 00:00:07]} h6 {[%clk 00:33:28]} {[%emt
00:00:38]} 41. Kh4 {[%clk 00:20:29]} {[%emt 00:00:09]} Kb6 {[%clk 00:33:38]}
{[%emt 00:00:21]} 42. g4 {[%clk 00:20:42]} {[%emt 00:00:17]} fxg4 {[%clk
00:32:54]} {[%emt 00:01:14]} 43. Kxg4 {[%clk 00:21:03]} {[%emt 00:00:08]} Kb5
{[%clk 00:33:03]} {[%emt 00:00:22]} 44. f5 {[%clk 00:21:23]} {[%emt 00:00:09]}
gxf5+ {[%clk 00:33:14]} {[%emt 00:00:19]} 45. Kxf5 {[%clk 00:21:45]} {[%emt
00:00:09]} h5 {[%clk 00:33:34]} {[%emt 00:00:10]} 46. Kg5 {[%clk 00:22:09]}
{[%emt 00:00:05]} h4 {[%clk 00:33:58]} {[%emt 00:00:07]} 47. Kxh4 {[%clk
00:22:33]} {[%emt 00:00:07]} Kb4 {[%clk 00:34:21]} {[%emt 00:00:07]} 48. Kg4
{[%clk 00:22:55]} {[%emt 00:00:07]} Kb5 {[%clk 00:34:35]} {[%emt 00:00:16]} 49.
h4 {[%clk 00:23:19]} {[%emt 00:00:06]} Kb6 {[%clk 00:34:49]} {[%emt 00:00:17]}
50. h5 {[%clk 00:23:37]} {[%emt 00:00:11]} Kb5 {[%clk 00:35:15]} {[%emt
00:00:04]} 51. h6 {[%clk 00:23:57]} {[%emt 00:00:10]} Kb4 {[%clk 00:35:42]}
{[%emt 00:00:03]} 52. h7 {[%clk 00:24:19]} {[%emt 00:00:08]} Kb5 {[%clk
00:36:08]} {[%emt 00:00:05]} 53. h8=Q {[%clk 00:24:37]} {[%emt 00:00:13]} Kb4
{[%clk 00:36:09]} {[%emt 00:00:28]} 54. Qb8+ {[%clk 00:24:51]} {[%emt
00:00:15]} Ka4 {[%clk 00:36:24]} {[%emt 00:00:15]} 55. Rc4# {[%clk 00:24:43]}
{[%emt 00:00:06]} 1-0

[Event "DEM U10w 2021"]
[Site "Willingen GER"]
[Date "2021.08.23"]
[Round "1"]
[White "Margaryan, Mane"]
[Black "Wagner, Cosima"]
[Result "0-1"]
[Termination "normal"]
[Board "10"]
[WhiteElo "893"]
[BlackElo "1110"]
[WhiteClock "00:30:33"]
[BlackClock "00:32:29"]
[PlyCount "140"]
[WhiteFideId "16268237"]
[BlackFideId "34603484"]
[EventCountry "GER"]
[EventRounds "11"]
[EventType "swiss"]
[EventDate "2021.08.22"]

1. d4 {[%clk 01:15:58]} {[%emt 00:00:01]} Nf6 {[%clk 01:15:53]} {[%emt
00:00:07]} 2. c4 {[%clk 01:16:18]} {[%emt 00:00:11]} d6 {[%clk 01:16:15]}
{[%emt 00:00:08]} 3. Nc3 {[%clk 01:16:25]} {[%emt 00:00:23]} g6 {[%clk
01:16:35]} {[%emt 00:00:10]} 4. Bg5 {[%clk 01:16:37]} {[%emt 00:00:18]} Bg7
{[%clk 01:16:54]} {[%emt 00:00:11]} 5. e3 {[%clk 01:16:42]} {[%emt 00:00:24]}
O-O {[%clk 01:17:09]} {[%emt 00:00:16]} 6. Nf3 {[%clk 01:17:00]} {[%emt
00:00:12]} Nc6 {[%clk 01:17:13]} {[%emt 00:00:26]} 7. Bd3 {[%clk 01:16:22]}
{[%emt 00:01:08]} e5 {[%clk 01:17:11]} {[%emt 00:00:32]} 8. dxe5 {[%clk
01:15:42]} {[%emt 00:01:10]} dxe5 {[%clk 01:17:28]} {[%emt 00:00:13]} 9. O-O
{[%clk 01:11:27]} {[%emt 00:04:45]} Re8 {[%clk 01:08:48]} {[%emt 00:09:10]} 10.
Be2 {[%clk 01:05:28]} {[%emt 00:06:28]} Qxd1 {[%emt 00:01:13]} 11. Rfxd1 {[%emt
00:00:38]} Bg4 {[%clk 01:05:49]} {[%emt 00:01:39]} 12. h3 {[%clk 01:04:47]}
{[%emt 00:01:11]} Bf5 {[%clk 01:04:23]} {[%emt 00:01:55]} 13. Rac1 {[%clk
01:03:39]} {[%emt 00:01:38]} h6 {[%clk 01:02:34]} {[%emt 00:02:19]} 14. Bxf6
{[%clk 01:02:15]} {[%emt 00:01:55]} Bxf6 {[%clk 01:02:17]} {[%emt 00:00:47]}
15. Nd5 {[%clk 01:02:23]} {[%emt 00:00:22]} Bd8 {[%clk 01:00:49]} {[%emt
00:01:58]} 16. b3 {[%clk 00:56:05]} {[%emt 00:06:48]} Be6 {[%clk 00:59:14]}
{[%emt 00:02:04]} 17. Nc3 {[%clk 00:55:12]} {[%emt 00:01:23]} Bf6 {[%clk
00:55:16]} {[%emt 00:04:27]} 18. Ne4 {[%clk 00:55:00]} {[%emt 00:00:44]} Bg7
{[%clk 00:54:40]} {[%emt 00:01:06]} 19. Nc3 {[%clk 00:48:20]} {[%emt 00:07:10]}
Rad8 {[%clk 00:54:26]} {[%emt 00:00:44]} 20. Nb5 {[%clk 00:48:11]} {[%emt
00:00:39]} Rc8 {[%clk 00:38:44]} {[%emt 00:16:12]} 21. Nd2 {[%clk 00:45:31]}
{[%emt 00:03:10]} a6 {[%clk 00:37:40]} {[%emt 00:01:34]} 22. Nc3 {[%clk
00:44:34]} {[%emt 00:01:27]} Rcd8 {[%clk 00:36:20]} {[%emt 00:01:50]} 23. Kh2
{[%clk 00:40:02]} {[%emt 00:05:02]} Rd7 {[%clk 00:33:48]} {[%emt 00:03:01]} 24.
Bg4 {[%clk 00:39:07]} {[%emt 00:01:25]} Bxg4 {[%clk 00:33:46]} {[%emt
00:00:32]} 25. hxg4 {[%clk 00:39:24]} {[%emt 00:00:13]} Red8 {[%clk 00:34:01]}
{[%emt 00:00:16]} 26. Rc2 {[%clk 00:39:41]} {[%emt 00:00:13]} Bf8 {[%clk
00:33:52]} {[%emt 00:00:39]} 27. Nce4 {[%clk 00:39:20]} {[%emt 00:00:51]} Kg7
{[%clk 00:33:57]} {[%emt 00:00:25]} 28. Rcc1 {[%clk 00:37:54]} {[%emt
00:01:55]} Bb4 {[%clk 00:33:35]} {[%emt 00:00:52]} 29. Rc2 {[%clk 00:36:07]}
{[%emt 00:02:18]} f5 {[%clk 00:33:04]} {[%emt 00:01:01]} 30. gxf5 {[%clk
00:35:33]} {[%emt 00:01:04]} gxf5 {[%clk 00:33:21]} {[%emt 00:00:14]} 31. Nc3
{[%clk 00:32:32]} {[%emt 00:03:30]} Bxc3 {[%emt 00:00:26]} 32. Rxc3 {[%clk
00:32:52]} {[%emt 00:00:08]} Rxd2 {[%clk 00:33:49]} {[%emt 00:00:08]} 33. Rxd2
{[%clk 00:33:15]} {[%emt 00:00:07]} Rxd2 {[%clk 00:34:13]} {[%emt 00:00:06]}
34. Kg3 {[%clk 00:33:07]} {[%emt 00:00:38]} Rxa2 {[%clk 00:34:06]} {[%emt
00:00:37]} 35. Rd3 {[%clk 00:33:19]} {[%emt 00:00:17]} f4+ {[%clk 00:33:59]}
{[%emt 00:00:38]} 36. exf4 {[%clk 00:33:31]} {[%emt 00:00:18]} exf4+ {[%clk
00:34:23]} {[%emt 00:00:06]} 37. Kxf4 {[%clk 00:33:41]} {[%emt 00:00:19]} Rxf2+
{[%clk 00:34:41]} {[%emt 00:00:13]} 38. Kg3 {[%clk 00:33:55]} {[%emt 00:00:16]}
Rf7 {[%clk 00:34:57]} {[%emt 00:00:14]} 39. Re3 {[%clk 00:33:28]} {[%emt
00:00:57]} Re7 {[%clk 00:34:55]} {[%emt 00:00:32]} 40. Rf3 {[%clk 00:33:27]}
{[%emt 00:00:30]} Nd4 {[%clk 00:34:27]} {[%emt 00:00:59]} 41. Rd3 {[%clk
00:33:15]} {[%emt 00:00:41]} Nf5+ {[%clk 00:34:29]} {[%emt 00:00:29]} 42. Kf4
{[%clk 00:32:53]} {[%emt 00:00:51]} Kg6 {[%clk 00:33:45]} {[%emt 00:01:13]} 43.
Kg4 {[%clk 00:32:12]} {[%emt 00:01:12]} h5+ {[%clk 00:33:53]} {[%emt 00:00:23]}
44. Kf4 {[%clk 00:30:50]} {[%emt 00:01:52]} Re6 {[%clk 00:33:18]} {[%emt
00:01:05]} 45. Rd7 {[%clk 00:30:27]} {[%emt 00:00:53]} Rc6 {[%clk 00:32:22]}
{[%emt 00:01:27]} 46. g4 {[%emt 00:01:13]} hxg4 {[%clk 00:32:20]} {[%emt
00:00:01]} 47. Kxg4 {[%clk 00:30:27]} {[%emt 00:00:17]} Ne3+ {[%clk 00:32:02]}
{[%emt 00:00:48]} 48. Kf4 {[%clk 00:30:16]} {[%emt 00:00:41]} Nc2 {[%clk
00:32:02]} {[%emt 00:00:30]} 49. Rd5 {[%clk 00:30:18]} {[%emt 00:00:27]} Rf6+
{[%clk 00:31:50]} {[%emt 00:00:43]} 50. Ke5 {[%clk 00:28:21]} {[%emt 00:02:27]}
Na1 {[%clk 00:31:21]} {[%emt 00:00:59]} 51. Rd7 {[%clk 00:27:55]} {[%emt
00:00:56]} Rc6 {[%clk 00:31:03]} {[%emt 00:00:48]} 52. b4 {[%clk 00:27:15]}
{[%emt 00:01:09]} Rxc4 {[%clk 00:31:15]} {[%emt 00:00:18]} 53. Rd8 {[%clk
00:27:21]} {[%emt 00:00:24]} Rxb4 {[%clk 00:30:48]} {[%emt 00:00:58]} 54. Rf8
{[%clk 00:27:34]} {[%emt 00:00:17]} Rb5+ {[%clk 00:30:32]} {[%emt 00:00:46]}
55. Ke6 {[%clk 00:27:50]} {[%emt 00:00:14]} Rb6+ {[%clk 00:30:38]} {[%emt
00:00:24]} 56. Ke7 {[%clk 00:27:51]} {[%emt 00:00:29]} Kg5 {[%clk 00:30:01]}
{[%emt 00:01:06]} 57. Rg8+ {[%clk 00:27:18]} {[%emt 00:01:03]} Rg6 {[%clk
00:29:49]} {[%emt 00:00:42]} 58. Rxg6+ {[%clk 00:27:28]} {[%emt 00:00:20]} Kxg6
{[%clk 00:30:12]} {[%emt 00:00:08]} 59. Kd7 {[%clk 00:27:50]} {[%emt 00:00:07]}
c5 {[%clk 00:30:31]} {[%emt 00:00:11]} 60. Kc7 {[%clk 00:28:02]} {[%emt
00:00:19]} c4 {[%clk 00:30:52]} {[%emt 00:00:10]} 61. Kxb7 {[%clk 00:28:14]}
{[%emt 00:00:18]} c3 {[%clk 00:31:12]} {[%emt 00:00:09]} 62. Kxa6 {[%clk
00:28:32]} {[%emt 00:00:11]} c2 {[%clk 00:31:24]} {[%emt 00:00:19]} 63. Kb5
{[%clk 00:28:56]} {[%emt 00:00:06]} c1=Q {[%clk 00:31:42]} {[%emt 00:00:12]}
64. Kb6 {[%clk 00:29:01]} {[%emt 00:00:25]} Kf6 {[%clk 00:31:30]} {[%emt
00:00:41]} 65. Kb5 {[%clk 00:29:11]} {[%emt 00:00:20]} Ke5 {[%clk 00:31:54]}
{[%emt 00:00:07]} 66. Kb6 {[%clk 00:29:35]} {[%emt 00:00:06]} Kd5 {[%clk
00:32:16]} {[%emt 00:00:08]} 67. Kb7 {[%clk 00:29:54]} {[%emt 00:00:11]} Kd6
{[%clk 00:32:05]} {[%emt 00:00:40]} 68. Ka6 {[%clk 00:29:55]} {[%emt 00:00:30]}
Qb2 {[%clk 00:32:25]} {[%emt 00:00:10]} 69. Ka7 {[%clk 00:30:19]} {[%emt
00:00:06]} Kc6 {[%emt 00:00:33]} 70. Ka8 {[%clk 00:30:33]} Qb7# {[%clk
00:32:29]} {[%emt 00:00:07]} 0-1

[Event "DEM U10w 2021"]
[Site "Willingen GER"]
[Date "2021.08.23"]
[Round "1"]
[White "Zhou, Leyi Charlotte"]
[Black "Marrufo, Adriana"]
[Result "1-0"]
[Termination "normal"]
[Board "11"]
[WhiteElo "1100"]
[BlackElo "850"]
[WhiteClock "01:08:31"]
[BlackClock "00:52:24"]
[PlyCount "43"]
[WhiteFideId "16258100"]
[BlackFideId "34630252"]
[EventCountry "GER"]
[EventRounds "11"]
[EventType "swiss"]
[EventDate "2021.08.22"]

1. e4 {[%clk 01:15:58]} {[%emt 00:00:01]} e5 {[%clk 01:15:49]} {[%emt
00:00:11]} 2. Nf3 {[%clk 01:16:22]} {[%emt 00:00:06]} Nc6 {[%clk 01:16:02]}
{[%emt 00:00:17]} 3. d4 {[%clk 01:16:44]} {[%emt 00:00:08]} exd4 {[%clk
01:16:09]} {[%emt 00:00:22]} 4. Nxd4 {[%clk 01:16:58]} {[%emt 00:00:16]} Bc5
{[%clk 01:16:16]} {[%emt 00:00:24]} 5. Nxc6 {[%clk 01:16:56]} {[%emt 00:00:32]}
Qf6 {[%clk 01:16:11]} {[%emt 00:00:34]} 6. Qf3 {[%clk 01:16:55]} {[%emt
00:00:33]} Qxc6 {[%clk 01:16:00]} {[%emt 00:00:40]} 7. Nc3 {[%clk 01:17:07]}
{[%emt 00:00:18]} Ne7 {[%clk 01:15:19]} {[%emt 00:01:09]} 8. Bd2 {[%clk
01:17:12]} {[%emt 00:00:27]} O-O {[%clk 01:13:30]} {[%emt 00:02:19]} 9. O-O-O
{[%clk 01:15:15]} {[%emt 00:02:28]} Rd8 {[%clk 01:10:43]} {[%emt 00:03:16]} 10.
Bc4 {[%clk 01:15:06]} {[%emt 00:00:39]} Rf8 {[%clk 01:08:17]} {[%emt 00:02:56]}
11. h4 {[%clk 01:12:09]} {[%emt 00:03:28]} Qb6 {[%clk 01:02:09]} {[%emt
00:08:15]} 12. Na4 {[%clk 01:12:41]} {[%emt 00:01:59]} Qc6 {[%clk 01:00:47]}
{[%emt 00:01:52]} 13. Nxc5 {[%clk 01:12:54]} {[%emt 00:00:17]} Qxc5 {[%clk
01:00:08]} {[%emt 00:01:09]} 14. Bb3 {[%clk 01:12:34]} {[%emt 00:00:50]} b6
{[%clk 00:58:37]} {[%emt 00:02:00]} 15. a3 {[%clk 01:12:52]} {[%emt 00:00:13]}
Bb7 {[%clk 00:58:05]} {[%emt 00:01:00]} 16. Bb4 {[%clk 01:11:40]} {[%emt
00:01:43]} Qe5 {[%clk 00:56:49]} {[%emt 00:01:46]} 17. Rxd7 {[%clk 01:10:47]}
{[%emt 00:01:24]} Nf5 {[%clk 00:54:57]} {[%emt 00:02:22]} 18. Qxf5 {[%clk
01:10:32]} {[%emt 00:00:44]} Qe8 {[%clk 00:53:38]} {[%emt 00:01:50]} 19. Bxf8
{[%clk 01:09:10]} {[%emt 00:01:52]} Bxe4 {[%clk 00:52:57]} {[%emt 00:01:10]}
20. Bxf7+ {[%clk 01:08:20]} {[%emt 00:01:20]} Qxf7 {[%clk 00:52:47]} {[%emt
00:00:39]} 21. Qxf7+ {[%clk 01:08:43]} {[%emt 00:00:08]} Kh8 {[%clk 00:52:24]}
{[%emt 00:00:53]} 22. Qxg7# {[%clk 01:08:31]} {[%emt 00:00:11]} 1-0